The Best FIFA Men's Player 1991-2025 - Statistics

General Stats
  • This quiz has been taken 724 times
    100 since last reset
  • The average score is 31 of 35
Answer Stats
Award Year Team Player % Correct
FIFA World Player of the Year 2008 Manchester United Cristiano Ronaldo
100%
FIFA Ballon d'Or 2013 Real Madrid Cristiano Ronaldo
100%
FIFA Ballon d'Or 2014 Real Madrid Cristiano Ronaldo
100%
The Best FIFA Men's Player 2016 Real Madrid Cristiano Ronaldo
100%
The Best FIFA Men's Player 2017 Real Madrid Cristiano Ronaldo
100%
FIFA World Player of the Year 1996 Barcelona Ronaldo
100%
FIFA World Player of the Year 1997 Inter Milan Ronaldo
100%
FIFA World Player of the Year 2002 Real Madrid Ronaldo
100%
FIFA World Player of the Year 2009 Barcelona Lionel Messi
99%
FIFA Ballon d'Or 2010 Barcelona Lionel Messi
99%
FIFA Ballon d'Or 2011 Barcelona Lionel Messi
99%
FIFA Ballon d'Or 2012 Barcelona Lionel Messi
99%
FIFA Ballon d'Or 2015 Barcelona Lionel Messi
99%
The Best FIFA Men's Player 2019 Barcelona Lionel Messi
99%
The Best FIFA Men's Player 2022 Paris Saint-Germain Lionel Messi
99%
The Best FIFA Men's Player 2023 Inter Miami Lionel Messi
99%
FIFA World Player of the Year 2007 Milan Kaká
93%
The Best FIFA Men's Player 2018 Real Madrid Luka Modrić
93%
The Best FIFA Men's Player 2025 Paris Saint-Germain Ousmane Dembélé
93%
FIFA World Player of the Year 2004 Barcelona Ronaldinho
93%
FIFA World Player of the Year 2005 Barcelona Ronaldinho
93%
FIFA World Player of the Year 1998 Juventus Zinedine Zidane
92%
FIFA World Player of the Year 2000 Juventus Zinedine Zidane
92%
FIFA World Player of the Year 2003 Real Madrid Zinedine Zidane
92%
The Best FIFA Men's Player 2020 Bayern Munich Robert Lewandowski
91%
The Best FIFA Men's Player 2021 Bayern Munich Robert Lewandowski
91%
The Best FIFA Men's Player 2024 Real Madrid Vinícius Júnior
91%
FIFA World Player of the Year 1999 Barcelona Rivaldo
76%
FIFA World Player of the Year 2006 Real Madrid Fabio Cannavaro
71%
FIFA World Player of the Year 2001 Real Madrid Luís Figo
71%
FIFA World Player of the Year 1992 Milan Marco van Basten
65%
FIFA World Player of the Year 1994 Barcelona Romário
58%
FIFA World Player of the Year 1993 Juventus Roberto Baggio
56%
FIFA World Player of the Year 1995 Milan George Weah
52%
FIFA World Player of the Year 1991 Inter Milan Lothar Matthäus
51%
No matching quizzes found
Score Distribution
Percent of People with Each Score
Percentile by Number Answered
Your Score History
You have not taken this quiz since the last reset